|
|
|
|
| LEADER |
01459nam a22002897a 4500 |
| 001 |
37745 |
| 003 |
BD-DhAAL |
| 008 |
220220t2004 bg ||||| b||| 00| 0 ben d |
| 999 |
|
|
|c 43539
|d 43539
|
| 020 |
|
|
|a 9840744607
|
| 040 |
|
|
|a BD-DhAAL
|
| 082 |
|
|
|a 361.25095492
|
| 100 |
|
|
|a সাদেক, মোঃ
|9 45918
|
| 245 |
|
|
|a বাংলাদেশের সমষ্টি উন্নয়ন ও পল্লী পুনর্গঠন /
|c মোঃ সাদেক ও আবদুল হালিম
|
| 246 |
|
|
|a Bangladehser samashti unnayan o palli purnargthan
|
| 246 |
|
|
|a Community development & rural reconstruction in Bangladesh
|
| 260 |
|
|
|a ঢাকা
|b বাংলা একাডেমী,
|c ২০০৪
|
| 300 |
|
|
|a [আট], ২৫৬ পৃষ্ঠা ;
|c ২২ সে.মি.
|
| 504 |
|
|
|a গ্রন্থপঞ্জিগত নির্দেশিকা অন্তর্ভুক্ত।
|
| 526 |
|
|
|a BIED
|
| 541 |
|
|
|a Complimentary copy from BIED
|e 37745
|
| 650 |
|
|
|a Community organization
|z Bangladesh.
|9 45919
|
| 650 |
|
|
|a Community development
|z Bangladesh.
|9 45920
|
| 700 |
|
|
|a হালিম, আবদুল
|9 45921
|
| 852 |
|
|
|a Ayesha Abed Library
|c BIED Collection
|
| 942 |
|
|
|2 ddc
|c BK
|
| 952 |
|
|
|0 0
|1 0
|2 ddc
|4 0
|6 361_250954920000000_SAD
|7 0
|9 69841
|a BRACUL
|b BRACUL
|c GEN
|d 2022-02-20
|e Complimentary copy from BIED
|l 0
|o 361.25095492 SAD
|p 3010037745
|r 2022-02-20
|t 1
|w 2022-02-20
|y BK
|x Transferred from BIED to General Stacks
|